000 00799cam a2200253 a 4500
999 _c2234
_d2234
003 OSt
005 20210707084133.0
008 850909s1986 mouaf b 001 0 eng c
020 _a0801649536
040 _cDLC
050 1 0 _aRT41
_b.C65 1986
060 _aWY 100 C6405
245 0 0 _aClinical nursing /
_c[edited by] June M. Thompson ... [et al.] ; original illustrations by George Wassilchenko.
260 _aSt. Louis :
_bMosby,
_c1986.
300 _axxix, 2239 p., [16] p. of plates :
_bill. ;
_c29 cm.
504 _aIncludes bibliographies and indexes.
650 0 _aNursing.
650 0 _aClinical medicine.
650 2 _aNursing Care.
650 2 _aNursing Process.
700 1 _aThompson, June M.,
_d1946-
906 _a7
_bcbc
_corignew
_d1
_eocip
_f19
_gy-gencatlg
942 _2lcc
_cBK
_nSO